One Tree Hill Romantic Entanglements Quiz Stats

Quiz Updated Feb 21, 2013

Challenge
Share
Tweet
Embed
Score 0/22 Timer 03:00
5 Plays Today
Relationships Character % Correct
Karen, Deb, RachelDan
96.5%
Karen, Deb, JulesKeith
96.2%
Lucas, Nathan, Marvin, Chase, Felix, Nick Chavez, Owen, Julian, Nick Lachey, Chris KellerBrooke
91.1%
Dan, Keith, SkillsDeb
90.6%
Dan, Keith, Larry Sawyer, AndyKaren
90.6%
NathanHaley
90.4%
Nathan, Lucas, Jake, Julian, PetePeyton
85.6%
Marvin, OwenMillicent
81.5%
Brooke, Peyton, Anna, Nicki, LindseyLucas
80.2%
Bevin, Deb, LaurenSkills
79.3%
Brooke, MillicentOwen
76.6%
Relationships Character % Correct
Cooper, DanRachel
75.5%
Erica Marsh, Gigi, Shelly Simon, Alice, Millicent, Kylie, Lauren Marvin
75.5%
Brooke, Mia, Alex, TaraChase
73.2%
Haley, Brooke, Peyton, Taylor JamesNathan
72.5%
Peyton, NickiJake
70.7%
Sara, QuinnClayton
70.6%
Tim, SkillsBevin
65%
Jason, ChaseMia
64.8%
Clayton, DavidQuinn
51.2%
Brooke, TaraChris Keller
45.4%
CamillaWhitey
45.3%

You're not logged in!

Compare scores with friends on all Sporcle quizzes.
Join for Free
OR
Log In

You Might Also Like...

Show Comments

Extras

Top Quizzes Today


Score Distribution

Your Account Isn't Verified!

In order to create a playlist on Sporcle, you need to verify the email address you used during registration. Go to your Sporcle Settings to finish the process.

Report this User

Report this user for behavior that violates our Community Guidelines.

Details: